000
00301nam a22001337a 4500
020
_a
0-7214-1650-0
082
_a
823
_b
STI/S
100
_a
STIMSON, JOAN
245
_a
STORY TIME FOR 6 YEARS OID
260
_a
LONDIN
_b
LADY BIRD
_c
1994
300
_a
43
650
_a
ENGLISH SHORT STORY
_z
UK
942
_c
BK
999
_c
2599
_d
2599